[Event "EU-chT 24th"]
[Site "Budva"]
[Date "2023.11.15"]
[Round "5.4"]
[White "Saraci, Korab"]
[Black "Wartiovaara, Oliver"]
[Result "1-0"]
[WhiteElo "2200"]
[BlackElo "2270"]
[PlyCount "91"]
[EventDate "2023.11.11"]
[EventType "team-swiss"]
[EventRounds "9"]
[EventCountry "MNE"]
[SourceTitle "CB47_2023"]
[SourceDate "2023.11.22"]
[SourceVersion "1"]
[SourceVersionDate "2023.11.22"]
[SourceQuality "1"]
[WhiteTeam "Kosovo"]
[BlackTeam "Finland"]
[WhiteTeamCountry "KOS"]
[BlackTeamCountry "FIN"]

1. e4 c5 2. c3 d5 3. exd5 Nf6 4. Nf3 Nxd5 5. d4 cxd4 6. cxd4 g6 7. Nc3 Bg7 8. Be2 0-0 9. 0-0 Nc6 10. Bg5 Be6 11. Qd2 Rc8 12. Rac1 Nxc3 13. bxc3 Na5 14. Qb2 h6 15. Bh4 g5 16. Bg3 b6 17. h4 Nc4 18. Bxc4 Bxc4 19. Rfe1 e6 20. hxg5 hxg5 21. Ne5 Qd5 22. Qd2 f6 23. Ng4 Qf5 24. Ne3 Qd3 25. Qb2 Ba6 26. Qa3 Rfe8 27. Red1 Bf8 28. Bd6 Bxd6 29. Qxd6 Qb5 30. c4 Qc6 31. Qa3 Bb7 32. d5 Qc5 33. Qxa7 Rc7 34. Qa4 Ra8 35. Qc2 exd5 36. Qg6+ Rg7 37. Qxf6 Qf8 38. Qxf8+ Kxf8 39. cxd5 Rxa2 40. d6 Ke8 41. Rb1 Ra6 42. Nc4 g4 43. Nxb6 g3 44. f3 Rh7 45. d7+ Kd8 46. Rdc1 1-0

[Event "Wch U20 Blitz"]
[Site "Pula"]
[Date "2023.10.15"]
[Round "10"]
[White "Haug, Havard"]
[Black "Saraci, Korab"]
[Result "1-0"]
[WhiteElo "2209"]
[BlackElo "2180"]
[PlyCount "35"]
[EventDate "2023.10.14"]
[EventType "swiss (blitz)"]
[EventRounds "11"]
[EventCountry "ITA"]
[SourceTitle "Mega2024 Update 01"]
[Source "Chessbase"]
[SourceDate "2023.11.12"]
[SourceVersion "1"]
[SourceVersionDate "2023.11.12"]
[SourceQuality "1"]

1. e4 d6 2. d4 Nf6 3. Nc3 g6 4. Bc4 Bg7 5. Qe2 Nc6 6. Nf3 Bg4 7. Be3 e5 8. dxe5 Nxe5 9. h3 Nxc4 10. Qxc4 Bd7 11. e5 dxe5 12. Nxe5 0-0 13. 0-0-0 Qc8 14. Nxd7 Nxd7 15. Nd5 Re8 16. Qxc7 Ne5 17. Ne7+ Rxe7 18. Qxe7 1-0

[Event "Wch U20 Blitz"]
[Site "Pula"]
[Date "2023.10.15"]
[Round "6"]
[White "Peyrer, Konstantin"]
[Black "Saraci, Korab"]
[Result "1-0"]
[WhiteElo "2442"]
[BlackElo "2180"]
[PlyCount "85"]
[EventDate "2023.10.14"]
[EventType "swiss (blitz)"]
[EventRounds "11"]
[EventCountry "ITA"]
[SourceTitle "Mega2024 Update 01"]
[Source "Chessbase"]
[SourceDate "2023.11.12"]
[SourceVersion "1"]
[SourceVersionDate "2023.11.12"]
[SourceQuality "1"]

1. Nf3 Nf6 2. g3 g6 3. Bg2 c5 4. 0-0 Bg7 5. c4 0-0 6. Nc3 Nc6 7. d4 cxd4 8. Nxd4 Nxd4 9. Qxd4 d6 10. Qd3 Bf5 11. e4 Be6 12. Bd2 Nd7 13. b3 a6 14. Rac1 Rc8 15. Rfd1 Bg4 16. f3 Be6 17. Be3 Qa5 18. Qd2 Kh8 19. Nd5 Qxd2 20. Rxd2 Bxd5 21. Rxd5 Ne5 22. h3 Nc6 23. Rd2 Rfd8 24. Kf2 Rd7 25. h4 Rdd8 26. Rcd1 b5 27. c5 dxc5 28. Rxd8+ Nxd8 29. Bxc5 Nc6 30. f4 Bc3 31. a3 e6 32. b4 a5 33. bxa5 Nxa5 34. Be7 Nc6 35. Bd6 Bd4+ 36. Kf1 Bf6 37. e5 Bg7 38. Rc1 Na7 39. Rxc8+ Nxc8 40. Bc5 Kg8 41. Bb7 Bf8 42. Bxf8 Kxf8 43. Bxc8 1-0

[Event "Wch U20 Blitz"]
[Site "Pula"]
[Date "2023.10.15"]
[Round "7"]
[White "Saraci, Korab"]
[Black "Krassel, Timofei"]
[Result "1/2-1/2"]
[WhiteElo "2180"]
[BlackElo "2038"]
[PlyCount "101"]
[EventDate "2023.10.14"]
[EventType "swiss (blitz)"]
[EventRounds "11"]
[EventCountry "ITA"]
[SourceTitle "Mega2024 Update 01"]
[Source "Chessbase"]
[SourceDate "2023.11.12"]
[SourceVersion "1"]
[SourceVersionDate "2023.11.12"]
[SourceQuality "1"]

1. e4 e6 2. c4 d5 3. cxd5 exd5 4. exd5 Nf6 5. d4 Bb4+ 6. Nc3 0-0 7. Be2 Nxd5 8. Bd2 Re8 9. Nf3 c6 10. 0-0 h6 11. Bc4 Bxc3 12. bxc3 Bg4 13. Rb1 b5 14. Be2 Nb6 15. h3 Bh5 16. Rc1 Nc4 17. Bxc4 bxc4 18. g4 Bg6 19. Ne5 Nd7 20. Nxg6 fxg6 21. Qf3 Qf6 22. Qxf6 Nxf6 23. Bf4 g5 24. Be5 Nd7 25. Bg3 Re2 26. Rfe1 Rae8 27. Kf1 Rxe1+ 28. Rxe1 Rxe1+ 29. Kxe1 Kf7 30. a4 Ke6 31. a5 c5 32. dxc5 Nxc5 33. Ke2 a6 34. Bc7 Ne4 35. Ke3 Kd5 36. f4 gxf4+ 37. Kxf4 Nxc3 38. Be5 Nd1 39. Bxg7 c3 40. Bxh6 Nf2 41. h4 Ke6 42. Kf3 Nd3 43. Ke3 Nc5 44. h5 Nb3 45. Kd3 Nxa5 46. Kxc3 Nc6 47. g5 Kf5 48. g6 Ne7 49. Be3 Kg4 50. h6 Nxg6 51. h7 1/2-1/2

[Event "Wch U20 Blitz"]
[Site "Pula"]
[Date "2023.10.14"]
[Round "2"]
[White "May Sanchez, Andres Elias"]
[Black "Saraci, Korab"]
[Result "0-1"]
[WhiteElo "2044"]
[BlackElo "2180"]
[PlyCount "68"]
[EventDate "2023.10.14"]
[EventType "swiss (blitz)"]
[EventRounds "11"]
[EventCountry "ITA"]
[SourceTitle "Mega2024 Update 01"]
[Source "Chessbase"]
[SourceDate "2023.11.12"]
[SourceVersion "1"]
[SourceVersionDate "2023.11.12"]
[SourceQuality "1"]

1. e4 d6 2. d4 Nf6 3. Nc3 g6 4. Bc4 Bg7 5. Qe2 Nc6 6. Nf3 Bg4 7. Be3 e5 8. Bb5 exd4 9. Bxd4 0-0 10. Bxc6 bxc6 11. h3 Bxf3 12. Qxf3 c5 13. Bxf6 Qxf6 14. Qxf6 Bxf6 15. Kd2 c6 16. Rad1 Rad8 17. b3 d5 18. exd5 cxd5 19. Na4 Bg5+ 20. Kd3 Rc8 21. c4 Rfd8 22. cxd5 Rxd5+ 23. Kc4 Rf5 24. f3 Rf4+ 25. Kc3 c4 26. b4 Bf6+ 27. Kc2 c3 28. a3 a5 29. Nb6 Re8 30. Nd5 Rf5 31. g4 Rxf3 32. Rhf1 Re2+ 33. Kb3 c2+ 34. Rxf3 cxd1Q+ 0-1

[Event "Wch U20 Blitz"]
[Site "Pula"]
[Date "2023.10.14"]
[Round "4"]
[White "Nesterov, Arseniy"]
[Black "Saraci, Korab"]
[Result "1-0"]
[WhiteElo "2575"]
[BlackElo "2180"]
[PlyCount "45"]
[EventDate "2023.10.14"]
[EventType "swiss (blitz)"]
[EventRounds "11"]
[EventCountry "ITA"]
[SourceTitle "Mega2024 Update 01"]
[Source "Chessbase"]
[SourceDate "2023.11.12"]
[SourceVersion "1"]
[SourceVersionDate "2023.11.12"]
[SourceQuality "1"]

1. d4 Nf6 2. c4 d6 3. Nc3 g6 4. e4 Bg7 5. Be2 c6 6. Nf3 0-0 7. 0-0 Qc7 8. h3 Nbd7 9. Be3 e5 10. d5 a6 11. b4 c5 12. a3 b6 13. Rb1 Bb7 14. Nd2 Rfc8 15. Nb3 cxb4 16. axb4 b5 17. c5 dxc5 18. bxc5 Nb6 19. c6 Bxc6 20. dxc6 Qxc6 21. Rc1 Nc4 22. Nd5 Nxe4 23. Ne7+ 1-0

[Event "Wch U20 Rapid"]
[Site "Pula"]
[Date "2023.10.12"]
[Round "8"]
[White "Malfliet, Alexander"]
[Black "Saraci, Korab"]
[Result "0-1"]
[WhiteElo "1755"]
[BlackElo "2180"]
[PlyCount "66"]
[EventDate "2023.10.10"]
[EventType "swiss (rapid)"]
[EventRounds "11"]
[EventCountry "ITA"]
[SourceTitle "Mega2024 Update 01"]
[Source "Chessbase"]
[SourceDate "2023.11.12"]
[SourceVersion "1"]
[SourceVersionDate "2023.11.12"]
[SourceQuality "1"]

1. e4 d6 2. Bc4 Nf6 3. d3 c6 4. c3 Bg4 5. Nf3 Nbd7 6. Bf4 e5 7. Bg3 d5 8. exd5 cxd5 9. Bb5 e4 10. dxe4 dxe4 11. 0-0 exf3 12. gxf3 Be6 13. Re1 Be7 14. Nd2 0-0 15. Qc2 a6 16. Bd3 Nc5 17. Bc4 b5 18. Bxe6 Nxe6 19. Ne4 Nxe4 20. Rxe4 Qb6 21. Rae1 Bf6 22. Be5 Bxe5 23. Rxe5 Nf4 24. Qf5 Qg6+ 25. Qxg6 hxg6 26. R1e4 Ne6 27. Rd5 Rfd8 28. Rxd8+ Rxd8 29. c4 Ng5 30. Re3 bxc4 31. f4 Ne6 32. Rc3 Nxf4 33. h3 Ne2+ 0-1

[Event "Wch U20 Rapid"]
[Site "Pula"]
[Date "2023.10.11"]
[Round "5"]
[White "May Sanchez, Andres Elias"]
[Black "Saraci, Korab"]
[Result "1-0"]
[WhiteElo "2044"]
[BlackElo "2180"]
[PlyCount "121"]
[EventDate "2023.10.10"]
[EventType "swiss (rapid)"]
[EventRounds "11"]
[EventCountry "ITA"]
[SourceTitle "Mega2024 Update 01"]
[Source "Chessbase"]
[SourceDate "2023.11.12"]
[SourceVersion "1"]
[SourceVersionDate "2023.11.12"]
[SourceQuality "1"]

1. e4 c5 2. Nf3 d6 3. d4 cxd4 4. Nxd4 Nf6 5. Nc3 g6 6. Bg5 Bg7 7. Qd2 0-0 8. 0-0-0 Bd7 9. f3 Nc6 10. Nb3 Rc8 11. h4 Ne5 12. Bh6 a5 13. a3 Be6 14. Nd4 Bc4 15. h5 Bxf1 16. Bxg7 Kxg7 17. hxg6 Kh8 18. g7+ Kxg7 19. Rdxf1 e6 20. Qg5+ Kh8 21. Rh6 Ng6 22. Rfh1 Rg8 23. f4 Rg7 24. f5 Ng8 25. Qxd8 Rxd8 26. fxe6 Nxh6 27. Rxh6 Ne5 28. e7 Re8 29. Nf5 Rg6 30. Rh2 Nc6 31. Nd5 Re6 32. Rh4 Rg8 33. g3 Re8 34. b4 axb4 35. axb4 Nxe7 36. Ndxe7 R8xe7 37. Nxe7 Rxe7 38. Kd2 b5 39. Kd3 Kg7 40. Rh5 Rb7 41. Rd5 Rb6 42. c4 bxc4+ 43. Kxc4 Rc6+ 44. Kd4 Kf6 45. b5 Rb6 46. Kc4 Ke6 47. Rh5 Rb8 48. Rxh7 Rg8 49. b6 Rc8+ 50. Kb5 Rc3 51. b7 Rb3+ 52. Kc6 Rc3+ 53. Kb6 Rb3+ 54. Kc7 Rc3+ 55. Kd8 Rb3 56. Kc8 Rc3+ 57. Kb8 Rxg3 58. Rh5 Ra3 59. Kc7 Rc3+ 60. Kb6 f5 61. Rxf5 1-0

[Event "Wch U20 Rapid"]
[Site "Pula"]
[Date "2023.10.11"]
[Round "4"]
[White "Saraci, Korab"]
[Black "Bilych, Olexiy"]
[Result "0-1"]
[WhiteElo "2180"]
[BlackElo "2425"]
[PlyCount "58"]
[EventDate "2023.10.10"]
[EventType "swiss (rapid)"]
[EventRounds "11"]
[EventCountry "ITA"]
[SourceTitle "Mega2024 Update 01"]
[Source "Chessbase"]
[SourceDate "2023.11.12"]
[SourceVersion "1"]
[SourceVersionDate "2023.11.12"]
[SourceQuality "1"]

1. e4 e5 2. Nf3 Nc6 3. Bc4 Bc5 4. d3 Nf6 5. 0-0 0-0 6. Re1 d6 7. c3 h6 8. a4 a5 9. Nbd2 Ba7 10. Nf1 Ne7 11. Be3 Ng6 12. Bxa7 Rxa7 13. Ng3 c6 14. Bb3 Ra8 15. d4 Qc7 16. Qd2 Re8 17. Nf5 d5 18. dxe5 Nxe4 19. Nxh6+ gxh6 20. Rxe4 dxe4 21. Qxh6 Be6 22. Bxe6 Rxe6 23. Ng5 Rxe5 24. Rd1 Rxg5 25. Qxg5 Re8 26. h4 Qe5 27. Qg4 e3 28. fxe3 Qxe3+ 29. Kh1 Re4 0-1

[Event "EU-ch Blitz"]
[Site "Katowice"]
[Date "2022.12.16"]
[Round "15"]
[White "Maslanka, Wojciech"]
[Black "Saraci, Korab"]
[Result "1-0"]
[WhiteElo "2103"]
[BlackElo "2192"]
[PlyCount "73"]
[EventDate "2022.12.16"]
[EventType "swiss (blitz)"]
[EventRounds "22"]
[EventCountry "POL"]
[SourceTitle "CBM 211 Extra"]
[Source "ChessBase"]
[SourceDate "2023.01.31"]
[SourceVersion "1"]
[SourceVersionDate "2023.01.31"]
[SourceQuality "1"]

1. e4 c5 2. Nf3 d6 3. d4 cxd4 4. Nxd4 Nf6 5. Nc3 g6 6. Be3 Bg7 7. f3 0-0 8. Qd2 Nc6 9. 0-0-0 d5 10. Nxc6 bxc6 11. Bh6 Be6 12. e5 Nd7 13. h4 f6 14. h5 Nxe5 15. Bxg7 Kxg7 16. hxg6 hxg6 17. Qh6+ Kf7 18. Qh7+ Ke8 19. f4 Nf7 20. Qxg6 Qd7 21. Bd3 Bg4 22. Rde1 Kd8 23. f5 Ne5 24. Rxe5 fxe5 25. Qxg4 e4 26. Ba6 Qxf5 27. Qxf5 Rxf5 28. Rh8+ Kc7 29. Rxa8 Rf1+ 30. Kd2 Rf2+ 31. Be2 Rxg2 32. Rxa7+ Kd6 33. a4 e5 34. a5 e3+ 35. Kd3 c5 36. Ra6+ Ke7 37. Nxd5+ 1-0

[Event "KOS-ch"]
[Site "Pristina"]
[Date "2022.11.19"]
[Round "7"]
[White "Saraci, Korab"]
[Black "Avdiu, Azem"]
[Result "1-0"]
[WhiteElo "2240"]
[BlackElo "1698"]
[PlyCount "56"]
[EventDate "2022.11.11"]
[EventType "swiss"]
[EventRounds "9"]
[EventCountry "KOS"]
[SourceTitle "CBM 211 Extra"]
[Source "ChessBase"]
[SourceDate "2023.01.31"]
[SourceVersion "1"]
[SourceVersionDate "2023.01.31"]
[SourceQuality "1"]

1. e4 Nc6 2. d4 e6 3. Nf3 d5 4. Nbd2 Bb4 5. c3 Ba5 6. Bb5 a6 7. Bd3 Nge7 8. 0-0 0-0 9. Qc2 Ng6 10. b4 Bb6 11. Nb3 f6 12. a3 Nce7 13. h4 h5 14. exd5 f5 15. dxe6 Bxe6 16. c4 c6 17. Re1 Bc8 18. Qe2 Bc7 19. Ng5 Qd6 20. g3 Rf6 21. c5 Qd7 22. Bc4+ Nd5 23. f4 b5 24. cxb6 Bxb6 25. Nc5 Bxc5 26. dxc5 Bb7 27. Bb2 Ngxf4 28. gxf4 Kf8 1-0

[Event "KOS-ch"]
[Site "Pristina"]
[Date "2022.11.13"]
[Round "3"]
[White "Saraci, Korab"]
[Black "Selimi, Shaip"]
[Result "1-0"]
[WhiteElo "2240"]
[BlackElo "1776"]
[PlyCount "55"]
[EventDate "2022.11.11"]
[EventType "swiss"]
[EventRounds "9"]
[EventCountry "KOS"]
[SourceTitle "CBM 211 Extra"]
[Source "ChessBase"]
[SourceDate "2023.01.31"]
[SourceVersion "1"]
[SourceVersionDate "2023.01.31"]
[SourceQuality "1"]

1. d4 Nf6 2. c4 e6 3. Nc3 Bb4 4. Nf3 d5 5. e3 Nbd7 6. Bd2 c6 7. Be2 0-0 8. 0-0 a6 9. Nxd5 Bxd2 10. Nxf6+ Nxf6 11. Qxd2 b5 12. c5 Qc7 13. Rad1 Bd7 14. Ne5 Rad8 15. Qc2 g6 16. Bf3 Be8 17. a4 Kg7 18. Ra1 Nd5 19. axb5 axb5 20. Bxd5 exd5 21. Ra6 Rb8 22. Rfa1 f6 23. Nd3 Bd7 24. Qd2 Rf7 25. Qa5 Qxa5 26. R1xa5 b4 27. Rb6 Rxb6 28. cxb6 1-0

[Event "FRM-chT 30th"]
[Site "Struga"]
[Date "2022.10.18"]
[Round "5.2"]
[White "Stanojoski, Zvonko"]
[Black "Saraci, Korab"]
[Result "1-0"]
[WhiteElo "2413"]
[BlackElo "2273"]
[PlyCount "87"]
[EventDate "2022.10.14"]
[EventType "team-tourn"]
[EventRounds "7"]
[EventCountry "MKD"]
[SourceTitle "CBM 210 Extra"]
[Source "ChessBase"]
[SourceDate "2022.11.30"]
[SourceVersion "1"]
[SourceVersionDate "2022.11.30"]
[SourceQuality "1"]
[WhiteTeam "Skopje Alkaloid"]
[BlackTeam "Kumanovo Fisher"]
[WhiteTeamCountry "MKD"]
[BlackTeamCountry "MKD"]

1. e4 c5 2. Nf3 d6 3. d4 cxd4 4. Nxd4 Nf6 5. Nc3 g6 6. Be3 Bg7 7. f3 0-0 8. Qd2 Nc6 9. Bc4 Bd7 10. h4 Rc8 11. Bb3 h5 12. 0-0-0 Ne5 13. Kb1 Nc4 14. Bxc4 Rxc4 15. Nde2 b5 16. Bh6 b4 17. Bxg7 Kxg7 18. Nd5 Nxd5 19. Qxd5 Qc8 20. Rd2 Qa6 21. b3 Be6 22. Qd3 Rc6 23. Qd4+ Kg8 24. Qxb4 Rb6 25. Qd4 Rfb8 26. Qb2 Qb7 27. Nf4 Qc8 28. Nxe6 Qxe6 29. Rd5 Rb5 30. Rhd1 a5 31. a4 Rb4 32. Rxa5 Qc4 33. Rd3 Qxd3 34. cxd3 Rxb3 35. Rb5 Rxb2+ 36. Kxb2 Ra8 37. a5 Kf8 38. Kb3 Ke8 39. Kb4 Ra7 40. g4 e5 41. gxh5 gxh5 42. Rb8+ Kd7 43. Kb5 Kc7 44. Rb6 1-0

[Event "Olympiad-44"]
[Site "Chennai"]
[Date "2022.08.07"]
[Round "9.2"]
[White "Saraci, Korab"]
[Black "Adly, Ahmed"]
[Result "0-1"]
[WhiteElo "2287"]
[BlackElo "2582"]
[PlyCount "99"]
[EventDate "2022.07.29"]
[EventType "team-swiss"]
[EventRounds "11"]
[EventCountry "IND"]
[SourceTitle "CBM 210"]
[Source "ChessBase"]
[SourceDate "2022.10.31"]
[SourceVersion "1"]
[SourceVersionDate "2022.10.31"]
[SourceQuality "1"]
[WhiteTeam "Kosovo"]
[BlackTeam "Egypt"]
[WhiteTeamCountry "KOS"]
[BlackTeamCountry "EGY"]

1. e4 c6 2. d4 d6 3. Nf3 Nf6 4. Nc3 Bg4 5. Be2 Nbd7 6. h3 Bxf3 7. Bxf3 e5 8. 0-0 Be7 9. Be3 0-0 10. Qd2 Re8 11. Rad1 Bf8 12. d5 h6 13. b4 Qc7 14. a4 Rec8 15. a5 cxd5 16. Nxd5 Nxd5 17. Qxd5 Nf6 18. Qb5 a6 19. Qb6 Qxb6 20. Bxb6 Rxc2 21. Rc1 Rac8 22. Rxc2 Rxc2 23. Rb1 d5 24. exd5 e4 25. Bd1 Rc4 26. b5 axb5 27. Bb3 Rc8 28. Be3 Bd6 29. Kf1 b4 30. Bd2 Ra8 31. Bc4 Rxa5 32. Bxb4 Ra4 33. Bxd6 Rxc4 34. Rd1 Nd7 35. Ke2 f5 36. g4 fxg4 37. hxg4 Kf7 38. Bf4 Rc2+ 39. Ke3 g5 40. Bg3 Nf6 41. Rb1 b6 42. d6 Ke6 43. Kd4 Rc6 44. Rh1 Nxg4 45. Kxe4 h5 46. Re1 Kd7 47. f3 Nh6 48. Ra1 Ke6 49. Rd1 Nf5 50. Bh2 0-1

[Event "Olympiad-44"]
[Site "Chennai"]
[Date "2022.08.03"]
[Round "6.2"]
[White "Rocha, Maximiliano"]
[Black "Saraci, Korab"]
[Result "0-1"]
[WhiteElo "2117"]
[BlackElo "2287"]
[PlyCount "52"]
[EventDate "2022.07.29"]
[EventType "team-swiss"]
[EventRounds "11"]
[EventCountry "IND"]
[SourceTitle "CBM 210"]
[Source "ChessBase"]
[SourceDate "2022.10.31"]
[SourceVersion "1"]
[SourceVersionDate "2022.10.31"]
[SourceQuality "1"]
[WhiteTeam "Nicaragua"]
[BlackTeam "Kosovo"]
[WhiteTeamCountry "NCA"]
[BlackTeamCountry "KOS"]

1. e4 c5 2. c3 Nf6 3. e5 Nd5 4. Nf3 Nc6 5. d4 cxd4 6. Bc4 e6 7. 0-0 Nb6 8. Bd3 dxc3 9. Nxc3 d5 10. Qe2 Be7 11. a4 a6 12. Rd1 Nd7 13. a5 Nc5 14. Be3 Bd7 15. Bc2 Rc8 16. Nd4 0-0 17. Nxc6 Bxc6 18. Rd4 Nd7 19. Bd2 g6 20. h4 Bxh4 21. Bh6 Re8 22. Qe3 f5 23. exf6 Bxf6 24. Rg4 Ne5 25. Rb4 d4 26. Rxd4 Qxd4 0-1

[Event "Pristina Nderkombetar op"]
[Site "Pristina"]
[Date "2022.06.19"]
[Round "4"]
[White "Kralevski, Aleksander"]
[Black "Saraci, Korab"]
[Result "0-1"]
[WhiteElo "2055"]
[BlackElo "2253"]
[PlyCount "52"]
[EventDate "2022.06.17"]
[EventType "swiss"]
[EventRounds "9"]
[EventCountry "KOS"]
[SourceTitle "CBM 209 Extra"]
[Source "ChessBase"]
[SourceDate "2022.09.30"]
[SourceVersion "1"]
[SourceVersionDate "2022.09.30"]
[SourceQuality "1"]

1. e4 d6 2. d4 Nf6 3. Nc3 g6 4. Bg5 Bg7 5. e5 Nfd7 6. exd6 cxd6 7. Qd2 h6 8. Be3 Nf6 9. h3 Nc6 10. Nf3 Bd7 11. d5 Nb4 12. a3 Qa5 13. 0-0-0 Rc8 14. Kb1 Nxc2 15. Qxc2 Ne4 16. Bd4 Nxc3+ 17. bxc3 Bxd4 18. Nxd4 Rxc3 19. Qb2 0-0 20. Nb3 Rxb3 21. Qxb3 Ba4 22. Qd3 Bxd1 23. Qxd1 Rc8 24. Be2 Qxa3 25. Qd2 Rc3 26. Bd1 Rc4 0-1

[Event "Pristina Nderkombetar op"]
[Site "Pristina"]
[Date "2022.06.18"]
[Round "2"]
[White "Klisurica, Jashar"]
[Black "Saraci, Korab"]
[Result "0-1"]
[WhiteElo "2051"]
[BlackElo "2253"]
[PlyCount "59"]
[EventDate "2022.06.17"]
[EventType "swiss"]
[EventRounds "9"]
[EventCountry "KOS"]
[SourceTitle "CBM 209 Extra"]
[Source "ChessBase"]
[SourceDate "2022.09.30"]
[SourceVersion "1"]
[SourceVersionDate "2022.09.30"]
[SourceQuality "1"]

1. e4 c5 2. Nf3 d6 3. d4 cxd4 4. Nxd4 Nf6 5. Nc3 g6 6. Bc4 Bg7 7. f3 0-0 8. Be3 Nc6 9. Bb3 Bd7 10. Qd2 Rc8 11. g4 Ne5 12. h4 h5 13. gxh5 Nxh5 14. 0-0-0 Nc4 15. Bxc4 Rxc4 16. Nde2 Qa5 17. Kb1 Rfc8 18. Bd4 Be6 19. Bxg7 Nxg7 20. Rhg1 b5 21. Rg5 Qa6 22. a3 b4 23. axb4 Rxb4 24. Nc1 Rcb8 25. Nd3 Qa3 26. Nd5 R4b7 27. Nc1 Qa6 28. Nd3 Rb4 29. Nc3 R4b7 30. Qc1 0-1

[Event "Pristina Nderkombetar op"]
[Site "Pristina"]
[Date "2022.06.18"]
[Round "3"]
[White "Saraci, Korab"]
[Black "Koka, Osman"]
[Result "1/2-1/2"]
[WhiteElo "2253"]
[BlackElo "2163"]
[PlyCount "107"]
[EventDate "2022.06.17"]
[EventType "swiss"]
[EventRounds "9"]
[EventCountry "KOS"]
[SourceTitle "CBM 209 Extra"]
[Source "ChessBase"]
[SourceDate "2022.09.30"]
[SourceVersion "1"]
[SourceVersionDate "2022.09.30"]
[SourceQuality "1"]

1. e4 c6 2. d4 d5 3. Nd2 dxe4 4. Nxe4 Nf6 5. Nxf6+ exf6 6. Nf3 Bd6 7. Be2 0-0 8. 0-0 Re8 9. c4 Bg4 10. Be3 Qc7 11. h3 Bh5 12. Qd2 a5 13. c5 Bf8 14. Rfe1 b6 15. b4 axb4 16. Qxb4 bxc5 17. dxc5 Nd7 18. a4 Rxe3 19. fxe3 Bxc5 20. Qd2 Re8 21. Nd4 Bg6 22. Bd3 Qd6 23. Bxg6 hxg6 24. Nb3 Rxe3 25. Rxe3 Qxd2 26. Nxd2 Bxe3+ 27. Kf1 Bxd2 28. Rd1 Nc5 29. Rxd2 Nxa4 30. Rc2 c5 31. Rc4 Nb6 32. Rxc5 Nd7 33. Rc8+ Kh7 34. Kf2 g5 35. Kf3 Ne5+ 36. Ke4 Kg6 37. g4 Nd7 38. Rc3 Nf8 39. Ra3 Ne6 40. Rc3 Kh7 41. Kf5 Nf4 42. Ra3 Ng6 43. Ra7 Nh4+ 44. Ke4 Kg6 45. Ra6 Ng2 46. Ra2 Nf4 47. h4 Ne6 48. h5+ Kh7 49. Ra7 Kg8 50. Kf3 g6 51. hxg6 fxg6 52. Ke4 Nf4 53. Rb7 Kf8 54. Ra7 1/2-1/2

[Event "EU-ch 22nd"]
[Site "Terme Catez"]
[Date "2022.03.30"]
[Round "4"]
[White "Krastev, Alexander"]
[Black "Saraci, Korab"]
[Result "1-0"]
[WhiteElo "2409"]
[BlackElo "2229"]
[PlyCount "99"]
[EventDate "2022.03.27"]
[EventType "swiss"]
[EventRounds "11"]
[EventCountry "SLO"]
[SourceTitle "CBM 208"]
[Source "ChessBase"]
[SourceDate "2022.06.30"]
[SourceVersion "1"]
[SourceVersionDate "2022.06.30"]
[SourceQuality "1"]

1. e4 e5 2. Nc3 Nc6 3. Bc4 Nf6 4. d3 Be7 5. Nf3 d6 6. a4 0-0 7. h3 Be6 8. 0-0 Qd7 9. Re1 Nd8 10. Bxe6 Nxe6 11. d4 exd4 12. Nxd4 Nxd4 13. Qxd4 Rfe8 14. Bf4 Qc6 15. Qd3 a6 16. a5 Rad8 17. Re3 h6 18. Bh2 Bf8 19. Rd1 Qc5 20. e5 Nd7 21. exd6 Ne5 22. Qe2 cxd6 23. Rd5 Qc8 24. Bxe5 dxe5 25. Rexe5 Rxe5 26. Qxe5 Re8 27. Qd4 Re1+ 28. Kh2 Qc7+ 29. g3 Qc6 30. Qd2 Ra1 31. Nd1 Qf6 32. Kg2 Qc6 33. Kh2 g6 34. c3 Bg7 35. h4 Qc4 36. Rd8+ Kh7 37. Qd5 Qxd5 38. Rxd5 h5 39. Kg2 Bh6 40. f4 Bf8 41. Kf3 Kg7 42. b4 Kf6 43. Ke4 Rc1 44. Rd2 Ke6 45. Kd4 Bg7+ 46. Kc4 Kf5 47. Kb3 Ra1 48. Kb2 Ra4 49. Ne3+ Ke4 50. Nc2 1-0

[Event "EU-ch 22nd"]
[Site "Terme Catez"]
[Date "2022.03.28"]
[Round "2"]
[White "Kulaots, Kaido"]
[Black "Saraci, Korab"]
[Result "1-0"]
[WhiteElo "2527"]
[BlackElo "2229"]
[PlyCount "81"]
[EventDate "2022.03.27"]
[EventType "swiss"]
[EventRounds "11"]
[EventCountry "SLO"]
[SourceTitle "CBM 208"]
[Source "ChessBase"]
[SourceDate "2022.06.30"]
[SourceVersion "1"]
[SourceVersionDate "2022.06.30"]
[SourceQuality "1"]

1. d4 Nf6 2. c4 e6 3. Nf3 d5 4. g3 Be7 5. Bg2 0-0 6. 0-0 Nbd7 7. b3 c6 8. Nc3 b6 9. Bb2 Ba6 10. Re1 b5 11. Ne5 Rc8 12. Nxd7 Nxd7 13. c5 f5 14. b4 Rb8 15. f3 f4 16. e4 fxg3 17. hxg3 Rf6 18. f4 Rg6 19. Qf3 Nf6 20. e5 Ng4 21. Nd1 Qf8 22. Ne3 Nxe3 23. Rxe3 Qf5 24. Bf1 Rh6 25. Bd3 Qf7 26. Rf1 Rf8 27. Qg2 Qe8 28. g4 g5 29. f5 exf5 30. gxf5 Bc8 31. Rg3 Kh8 32. Bc1 Qh5 33. f6 Bd8 34. Be2 Qh4 35. Bg4 Bxg4 36. Rxg4 Qh3 37. Qxh3 Rxh3 38. Bxg5 h6 39. Kg2 Ra3 40. Bxh6 Rxa2+ 41. Rf2 1-0

[Event "EU-chT 23rd"]
[Site "Terme Catez"]
[Date "2021.11.14"]
[Round "3.19"]
[White "Saraci, Korab"]
[Black "Gordon, Frederick"]
[Result "1-0"]
[WhiteElo "2149"]
[BlackElo "1739"]
[PlyCount "67"]
[EventDate "2021.11.12"]
[EventType "team-swiss"]
[EventRounds "9"]
[EventCountry "SLO"]
[SourceTitle "CBM 205"]
[Source "ChessBase"]
[SourceDate "2021.12.31"]
[SourceVersion "1"]
[SourceVersionDate "2021.12.31"]
[SourceQuality "1"]
[WhiteTeam "Kosovo"]
[BlackTeam "Scotland"]
[WhiteTeamCountry "KOS"]
[BlackTeamCountry "SCO"]

1. d4 d5 2. c4 e6 3. Nf3 Nf6 4. g3 a6 5. Bg2 dxc4 6. Ne5 c5 7. e3 cxd4 8. exd4 Bb4+ 9. Nc3 0-0 10. 0-0 Nd5 11. Nxc4 Nxc3 12. bxc3 Bxc3 13. Rb1 a5 14. Qb3 Bb4 15. a3 Be7 16. Nb6 Ra7 17. Be3 a4 18. Qc3 Nd7 19. d5 Ra6 20. d6 Bxd6 21. Qxc8 Qxc8 22. Nxc8 Rxc8 23. Bxb7 Rcc6 24. Bxc6 Rxc6 25. Rfd1 Nf8 26. Rd3 e5 27. Rb6 Rxb6 28. Bxb6 Be7 29. Ba5 e4 30. Rc3 f5 31. Bb4 Ng6 32. Bxe7 Nxe7 33. Rc4 Nd5 34. Rxa4 1-0